00227nam a2200097Ia 4500008004100000041000800041082001200049100001700061245002200078260002900100231212s1997 xx 000 0 und d aeng a621.382 aAndrew S. T. aComputer Networks aNew DelhibMc Grawc1997